Statistiques concernant Modes d'exécution des condamnés à mort aux Etats-Unis

Cliquez ici pour prendre le quiz!

Statistiques générales

  • Ce quiz a été pris 121 fois
  • Le résultat moyen est 3 sur 5

Statistiques - réponses

HintRéponse% Correct
162électrocution
93%
3pendaison
80%
1333injection létale
74%
3peloton d'exécution
22%
11chambre à gaz
17%

Distribution des résultats

Percentile par nombre de réponses

% des personnes avec chaque résultat

Votre développement - résultats

Vous n’avez pas pris ce quiz